| 000 | 00350nam a2200121Ia 4500 | ||
|---|---|---|---|
| 005 | 20260328104331.0 | ||
| 008 | 260328s9999||||xx |||||||||||||| ||und|| | ||
| 100 | _aHutchinson, Emily | ||
| 245 | 0 |
_aShared Living : _b Interior Design for Rented and Shared Spaces / _cEmily Hutchinson |
|
| 300 | _a175 p. | ||
| 650 | _aARQUITECTURA INTERIOR | ||
| 942 | _cBK | ||
| 999 |
_c11724 _d11724 |
||